Prajnan: (Record no. 231377)
[ view plain ]
| 000 -LEADER | |
|---|---|
| fixed length control field | 01046nam a22002777a 4500 |
| 003 - CONTROL NUMBER IDENTIFIER | |
| control field | OSt |
| 005 - DATE AND TIME OF LATEST TRANSACTION | |
| control field | 20240704102425.0 |
| 008 - FIXED-LENGTH DATA ELEMENTS--GENERAL INFORMATION | |
| fixed length control field | 240704b ||||| |||| 00| 0 eng d |
| 022 ## - INTERNATIONAL STANDARD SERIAL NUMBER | |
| International Standard Serial Number | 09708448658 |
| 040 ## - CATALOGING SOURCE | |
| Transcribing agency | AIMIT LIBRARY |
| 082 ## - DEWEY DECIMAL CLASSIFICATION NUMBER | |
| Classification number | 658 |
| Item number | PRAJ |
| 110 ## - MAIN ENTRY--CORPORATE NAME | |
| Corporate name or jurisdiction name as entry element | National Institute of Bank Management |
| 9 (RLIN) | 172534 |
| 245 ## - TITLE STATEMENT | |
| Title | Prajnan: |
| Remainder of title | journal of social and management sciences / |
| Statement of responsibility, etc. | By National Institute of Bank Management |
| 260 ## - PUBLICATION, DISTRIBUTION, ETC. | |
| Place of publication, distribution, etc. | Pune : |
| Name of publisher, distributor, etc. | National Institute of Bank Management , |
| Date of publication, distribution, etc. | 2015. |
| 300 ## - PHYSICAL DESCRIPTION | |
| Other physical details | HB |
| Dimensions | 23 cm. |
| 440 ## - SERIES STATEMENT/ADDED ENTRY--TITLE | |
| Title | Prajnan: journal of social and management sciences |
| Volume/sequential designation | Vol.XLIII No.4/2015, Vol.XLIV No.1-3/2015 |
| 9 (RLIN) | 172535 |
| 440 ## - SERIES STATEMENT/ADDED ENTRY--TITLE | |
| Volume/sequential designation | Vol.XLI No.4/2013, Vol.XLII No.1-3/2013 |
| 440 ## - SERIES STATEMENT/ADDED ENTRY--TITLE | |
| Volume/sequential designation | Vol.XLII No.4/2014, Vol.XLIII No.1-3/2014 |
| 440 ## - SERIES STATEMENT/ADDED ENTRY--TITLE | |
| Volume/sequential designation | Vol.XLV No.4/2017, Vol.XLVI No.1-3/2017 |
| 440 ## - SERIES STATEMENT/ADDED ENTRY--TITLE | |
| Volume/sequential designation | Vol.XLV No.1-3/2016, Vol.XLIV No.4 |
| 650 ## - SUBJECT ADDED ENTRY--TOPICAL TERM | |
| Topical term or geographic name entry element | Call auction |
| 9 (RLIN) | 172536 |
| 650 ## - SUBJECT ADDED ENTRY--TOPICAL TERM | |
| Topical term or geographic name entry element | Bombay stock exchange |
| 9 (RLIN) | 172537 |
| 650 ## - SUBJECT ADDED ENTRY--TOPICAL TERM | |
| Topical term or geographic name entry element | Liqidity |
| 9 (RLIN) | 172538 |
| 650 ## - SUBJECT ADDED ENTRY--TOPICAL TERM | |
| Topical term or geographic name entry element | Intervalling effect |
| 9 (RLIN) | 172539 |
| 942 ## - ADDED ENTRY ELEMENTS (KOHA) | |
| Source of classification or shelving scheme | Dewey Decimal Classification |
| Koha item type | Bound Volume |
| Call number prefix | 658 PRAJ |
| Withdrawn status | Lost status | Source of classification or shelving scheme | Damaged status | Not for loan | Collection code | Home library | Current library | Shelving location | Date acquired | Serial Enumeration / chronology | Total Checkouts | Full call number | Barcode | Date last seen | Price effective from | Koha item type |
|---|---|---|---|---|---|---|---|---|---|---|---|---|---|---|---|---|
| Dewey Decimal Classification | MBA | St Aloysius Institute of Management & Information Technology | St Aloysius Institute of Management & Information Technology | Bound Volume Section | 07/04/2024 | Vol.XLIII No.4/2015/Vol.XLIV No.1-3/2015 | 658 PRAJ | BVM753 | 07/04/2024 | 07/04/2024 | Bound Volume | |||||
| Dewey Decimal Classification | MBA | St Aloysius Institute of Management & Information Technology | St Aloysius Institute of Management & Information Technology | Bound Volume Section | 07/04/2024 | Vol.XLI No.4/2013/Vol.XLII No.1-3/2013 | 658 PRAJ | BVM860 | 07/04/2024 | 07/04/2024 | Bound Volume | |||||
| Dewey Decimal Classification | MBA | St Aloysius Institute of Management & Information Technology | St Aloysius Institute of Management & Information Technology | Bound Volume Section | 07/04/2024 | Vol.XLV No.1-3/2016/Vol.XLIV No.4/2016 | 658 PRAJ | BVM916 | 07/04/2024 | 07/04/2024 | Bound Volume | |||||
| Dewey Decimal Classification | MBA | St Aloysius Institute of Management & Information Technology | St Aloysius Institute of Management & Information Technology | Bound Volume Section | 07/04/2024 | Vol.XLV No.4/2017/Vol.XLVI No.1-3/2017 | 658 PRAJ | BVM917 | 07/04/2024 | 07/04/2024 | Bound Volume | |||||
| Dewey Decimal Classification | MBA | St Aloysius Institute of Management & Information Technology | St Aloysius Institute of Management & Information Technology | Bound Volume Section | 07/04/2024 | Vol.XLII No.4/2014/Vol.XLIII No.1-3/2014 | 658 PRAJ | BVM861 | 07/04/2024 | 07/04/2024 | Bound Volume |